Nuestros trabajos y nuestros días / (Record no. 10739)

MARC details
000 -LEADER
campo de control de longitud fija 01082nam a2200301 i 4500
001 - NÚMERO DE CONTROL
campo de control 10739
003 - IDENTIFICADOR DE NÚMERO DE CONTROL
campo de control ES-MaACL
005 - FECHA Y HORA DE LA ÚLTIMA TRANSACCIÓN
campo de control 20250824003047.0
007 - CAMPO FIJO DE DESCRIPCIÓN FÍSICA--INFORMACIÓN GENERAL
campo de control de longitud fija t|
008 - DATOS DE LONGITUD FIJA--INFORMACIÓN GENERAL
campo de control de longitud fija 921123s1990 sp ||||0| spa d
016 7# - NÚMERO DE CONTROL DE UNA AGENCIA BIBLIOGRÁFICA NACIONAL
Número de control cancelado/no válido CHM920006638
020 ## - NÚMERO INTERNACIONAL ESTÁNDAR DEL LIBRO
Número Internacional Estándar del Libro 84-86884-76-4
040 ## - FUENTE DE CATALOGACIÓN
Centro catalogador/agencia de origen CHM
Lengua de catalogación spa
Centro/agencia transcriptor CHM
080 ## - NÚMERO DE LA CLASIFICACIÓN DECIMAL UNIVERSAL
Número de la Clasificación Decimal Universal 78 Bal y Gay, Jesús
080 ## - NÚMERO DE LA CLASIFICACIÓN DECIMAL UNIVERSAL
Número de la Clasificación Decimal Universal 78 García Ascot, Rosita
100 1# - ENTRADA PRINCIPAL--NOMBRE DE PERSONA
Nombre de persona Bal y Gay, Jesús.
9 (RLIN) 24791
245 10 - MENCIÓN DEL TÍTULO
Título Nuestros trabajos y nuestros días /
Mención de responsabilidad, etc. Jesús Bal y Gay y Rosita García Ascot ; transcripción, Antonio Buxan.
260 ## - PUBLICACIÓN, DISTRIBUCIÓN, ETC.
Lugar de publicación, distribución, etc. Madrid :
Nombre del editor, distribuidor, etc. Fundación Banco Exterior,
Fecha de publicación, distribución, etc. D.L. 1990.
300 ## - DESCRIPCIÓN FÍSICA
Extensión 290 p, [12] pag. de fot ;
Dimensiones 20 cm.
490 1# - MENCIÓN DE SERIE
Mención de serie Colección Memorias de la música española
600 14 - PUNTO DE ACCESO ADICIONAL DE MATERIA--NOMBRE DE PERSONA
Nombre de persona Bal y Gay, Jesús-
Subdivisión general Biografías.
9 (RLIN) 24792
600 14 - PUNTO DE ACCESO ADICIONAL DE MATERIA--NOMBRE DE PERSONA
Nombre de persona García Ascot, Rosita-
Subdivisión general Biografías.
9 (RLIN) 54197
700 1# - ENTRADA AGREGADA--NOMBRE PERSONAL
Nombre de persona García Ascot, Rosa,
Fechas asociadas al nombre 1902-2002
9 (RLIN) 240872
710 2# - ENTRADA AGREGADA--NOMBRE DE ENTIDAD CORPORATIVA
Nombre de entidad corporativa o nombre de jurisdicción como elemento de entrada Fundación Banco Exterior.
9 (RLIN) 4226
830 00 - PUNTO DE ACCESO ADICIONAL DE SERIE-TÍTULO UNIFORME
Título uniforme Colección memorias de la música española
9 (RLIN) 178177
852 ## - LOCALIZACIÓN
Ubicación ES-MaACL
Número de control de estantería L-18098
Sublocalización o colección R.123311
Holdings
Estatus retirado Estado de pérdida Estado de daño No para préstamo Biblioteca de origen Biblioteca actual Ubicación en estantería Fecha de adquisición Fuente de adquisición Total de préstamos Signatura topográfica completa Código de barras Visto por última vez Precio de reemplazo Tipo de ítem Koha
        Biblioteca del Ateneo de Madrid Biblioteca del Ateneo de Madrid Depósito 2 17/01/2008     L-18098 1010955 23/02/2023 23/02/2023 Libro impreso